| 000 | 00610nam a2200181Ia 4500 | ||
|---|---|---|---|
| 008 | 090124s9999 xx 000 0 und d | ||
| 082 | _b18420 | ||
| 100 | _aपटवर्धन वसुंधरा | ||
| 245 | _a देवाघरचे लेणे | ||
| 250 | _a1 | ||
| 260 |
_bश्री विशाखा प्रकाशन _c1974 |
||
| 300 | _a164 | ||
| 600 | _aपटवर्धन वसुंधरा | ||
| 630 | _a देवाघरचे लेणे | ||
| 700 | _aपटवर्धन वसुंधरा | ||
| 730 | _a देवाघरचे लेणे | ||
| 942 | _cBOOK | ||
| 999 |
_c89470 _d89470 |
||